Best US States for Education - Statistics

General Stats
  • This quiz has been taken 115 times
  • The average score is 12 of 15
Answer Stats
Hint Answer % Correct
1 Massachusetts
96%
15 Vermont
89%
7 Washington
89%
3 New Hampshire
88%
4 Connecticut
86%
2 New Jersey
86%
10 Virginia
85%
5 Maryland
84%
11 Minnesota
73%
9 Utah
71%
8 Iowa
69%
6 Nebraska
66%
14 Kansas
63%
13 South Dakota
57%
12 Wyoming
53%
No matching quizzes found
Score Distribution
Percent of People with Each Score
Percentile by Number Answered
Your Score History
You have not taken this quiz